| 000 | 00375nam a2200145Ia 4500 | ||
|---|---|---|---|
| 008 | 230312s9999||||xx |||||||||||||| ||und|| | ||
| 020 | _a81-312-2639-1 | ||
| 082 |
_a612 _bKAR-E |
||
| 100 | _aKar;Ashotush | ||
| 245 | 0 | _aEssentials of Biopharmaceutics & Pharmacokinetics | |
| 260 |
_bElsevier _aIndia _c2011 |
||
| 300 | _a357 | ||
| 650 |
_aPharmacy _vPharmaceutics |
||
| 942 | _cBK | ||
| 999 |
_c9933 _d9933 |
||